00905nam a22002537a 45000010005000000030006000050050017000110080041000280200015000690400029000840500016001130820008001291000028001372450073001652500044002382600038002823000060003205050008003805200153003885210029005415210020005706500028005907000033006187648FISKH20250729150421.0250729b cb ||||| |||| 00| 0 eng d a0590810146 aFISKHbengcFISKHdFISKH aPZ7.G2933 A a567 aGeorge, Jean Craighead  aArctic son / cBy Jean Craighead George : Painting By Wendell Minor  aFirst Scholastic printing, October 1998 aNew York : bScholastic , c1997. a32 unnumbered pages : bcolor illustrations ;c25 cm .  aO  aA baby boy is given an Inupiat name to go with his English one and grows up learning the traditional ways of the Eskimo people living in the Arctic.8 a600 bLexile estimate 8 aO bRaz-Plus  aArctic animalsvFiction aMinor, WendelleIllustrator